Die of Death Abilities Quiz - Statistics

General Stats
  • This quiz has been taken 33 times
  • The average score is 12 of 12
Answer Stats
Picture Answer % Correct
Adrenaline
100%
Banana Peel
100%
Block
100%
Care Pad (Bonus Pad Variant)
100%
Cloak
100%
Punch
100%
Revolver
100%
Taunt
100%
Hotdog
96%
Caretaker
93%
Dash
89%
Bonus Pad
86%
No matching quizzes found
Score Distribution
Percent of People with Each Score
Percentile by Number Answered
Your Score History
You have not taken this quiz